WWE Women best fighters - Statistics

General Stats
  • This quiz has been taken 26 times
  • The average score is 18 of 30
Answer Stats
Hint Answer % Correct
First champion in SmackDown Becky Lynch
95%
Four HorseWomen and many times betrayed by the Boss Bayley
90%
She is the queen and one of the Four Horse Women Charlotte Flair
90%
Divas Revolution and the first "hot" way acting, Twin Nikki Bella
90%
Four Horsewomen Sasha Banks
90%
First to win NXT Asuka
86%
Braid Bianca Belair
86%
Held on longer the Divas Championship AJ Lee
81%
Divas Revolution and Twin Brie Bella
81%
Is an actress too Paige
76%
Second Triple Crown champion Alexa Bliss
71%
First women to participate in Royal Rumble Chyna
71%
Actress, wrestler and Olympic medalist Ronda Rousey
71%
7 times WWE champion Trish Stratus
71%
Won the first MITB Carmella
67%
MITB 2022, Tag tem champion 4 times, WWE 2 times Liv Morgan
67%
One of the longest contracts in WWE Naomi
62%
One of the first ghotics in there Rhea Ripley
62%
The greatest ever Lita
57%
One of the most strong and brutal in history Beth Phoenix
52%
First to win Divas Michelle McCool
48%
5 times wwe women's championship Mickie James
48%
3 times women champion, Madusa Alundra Blayze
43%
The Last Call Melina
38%
Made Nia Jax slip Mandy Rose
29%
Made Nia Jax slip Dana Brooke
19%
Slammy Award 2011 Kelly Kelly
19%
Divas Revolution Gail Kim
14%
Biggest carrer in WWF Mercedes Mone
10%
First WWE women fight in Saudi Arabia Laycey Evans
5%
No matching quizzes found
Score Distribution
Percent of People with Each Score
Percentile by Number Answered
Your Score History
You have not taken this quiz